000 00583nam a22001937a 4500
003 BD-DhJNU
005 20250616052221.0
008 250616b |||||||| |||| 00| 0 eng d
040 _aBD-DhJNU
_bENG
_cBD-DhJNU
_dBD-DhJNU
082 _223
_a302.19
100 _aBroom, Leonard
245 _aSociology :
_ba text with adapted readings /
_cLeonard Broom, Philip Selznick
260 _aNew York :
_bRow, Peterson and Company,
_c1957.
300 _axvii, 660 p. :
_bill. ;
_c25 cm.
504 _aincludes index
650 _aSociology
700 _aSelznick, Philip
942 _2ddc
_cBK
_n0
999 _c1767
_d1767